Diskusné fórum pre systém Virtuálnej univerzity

Gespeichert in:
Bibliographische Detailangaben
1. Verfasser: Puskás, Szabolcs (Verfasst von)
Weitere Verfasser: Šimáková, Valéria, 1942- (xxx)
Format: Manuskript Buch
Sprache:Slowakisch
Veröffentlicht: Bratislava : STU v Bratislave FIIT, 2005
Schlagworte:
Tags: Tag hinzufügen
Keine Tags, Fügen Sie das erste Tag hinzu!

MARC

LEADER 00000ntm a22000003a 4500
001 stu139594
005 20160720142921.8
008 070402s2005----xo------------------slo-d
040 |a STU  |b slo 
041 0 |a slo 
044 |a xo 
100 1 |a Puskás, Szabolcs  |4 aut 
245 1 |a Diskusné fórum pre systém Virtuálnej univerzity 
260 |a Bratislava :  |b STU v Bratislave FIIT,  |c 2005 
300 |a 46 s  |c príl. 
650 7 |a informatika  |2 stusub 
700 1 |a Šimáková, Valéria,  |d 1942-  |4 xxx  |u E220  |U FEI Fakulta elektrotechniky a informatiky  |T FEI Katedra informatiky a výpočtovej techniky  |X 4253  |U E220  |Y 69  |7 4253 
996 |b IDP28/05  |c I*DP28/05  |l II680  |s A  |a 24  |w stu139594_0001